Security planning with particular reference to the concept of management

Bibliographic Details
Main Author: Tyrała, Paweł (Author)
Format: Article
Language:English
ISBN:8022513083

MARC

LEADER 00000naa a2200000uu 4500
001 vtls010951900
003 SK-MaSNL
005 20260302123612.0
008 210906|2000 xo |||||||||||||||||eng|
015 |a SNBRA 
035 |a (urnnbn)urn:nbn:sk:snk:ar-a0bkdz 
035 |a (uuid)b156a4cd-857d-48da-8270-4820259eed5b 
035 |a urn:nbn:sk:snk-aaucf4 
040 |a SNKBUCL  |b slo  |c SNKBUCL  |e AACR2 
041 0 |a eng 
044 |a xo  |c SK 
100 1 |a Tyrała, Paweł  |4 aut  |9 703159 
245 1 0 |a Security planning with particular reference to the concept of management  |c Paweł Tyrała 
773 0 |t Ekonomika firiem 2000  |d Bratislava : Ekonóm, 2000  |g S. 650-655  |z 8022513083 
958 |a OND 
958 |a article11 
958 |a chapter 
999 |c 1283813  |d 1285743